Score 0/51 Timer 07:00
2 Plays Today
Glacier Country % Correct
Bering GlacierUnited States
97.5%
Kolka GlacierRussia
97.4%
Stikine Ice CapCanada
97.2%
Austfanna Ice CapNorway
95.1%
StourrajeknaSweden
94.8%
Mingyong GlacierChina
93.5%
Perito Moreno GlacierArgentina
90.5%
Bernardo GlacierChile
90.4%
Greenland Ice Sheet*Denmark
90%
VatnajokullIceland
89.6%
Mer de GlaceFrance
88.3%
Neumayer Glacier*United Kingdom (South Georgia Island)
86.7%
Hollentalferner GlacierGermany
85.8%
Bara ShigriIndia
84.8%
Aletsch GlacierSwitzerland
83.2%
Calderone GlacierItaly
82.1%
Franz Josef GlacierNew Zealand
81.6%
Allison Glacier*Australia (Heard and Mcdonald Islands)
81.1%
Khumbu GlacierNepal
80.4%
Pastoruri GlacierPeru
79.1%
Hintertux GlacierAustria
79%
Baltoro GlacierPakistan
76.8%
Tavagnbod GlacierMongolia
76.3%
Popocatepetl GlaciersMexico
76.3%
Aneto GlacierSpain
76.2%
Zemestan GlacierAfghanistan
71.2%
Glacier Country % Correct
Tuyuksu GlacierKazakhstan
69.9%
Agri GlacierTurkey
69.1%
Alam KuhIran
67.2%
Chacaltaya GlacierBolivia
66.3%
Nevado del Ruiz GlaciersColombia
66%
Khazret SultanUzbekistan
64.1%
Antisana GlacierEcuador
62.6%
Fedchenko GlacierTajikistan
61.7%
Abano GlacierGeorgia
60.2%
Mo ChhuBhutan
60.2%
Enilchek GlacierKyrgyzstan
58.9%
Timoncito GlacierVenezuela
58.5%
Tyndall GlacierKenya
55.2%
Scarisoara GlacierRomania
54.4%
Aragats GlaciersArmenia
52.9%
Triglav GlaciersSlovenia
52.1%
Furtwangler GlacierTanzania
51.3%
Shahdagh GlaciersAzerbaijan
49.5%
Lednika v Banski SuhodolBulgaria
46.9%
Carstensz GlacierIndonesia
46.5%
Hkakabo RaziMyanmar
40.6%
Stanley GlacierDemocratic Republic of the Congo
30.3%
Stanley GlacierUganda
30.1%
Cursed Mountains GlaciersAlbania
28%
Debeli NametMontenegro
23.3%
Remove Ads.
Support Sporcle.
Get the best of Sporcle when you Go Orange. This ad-free experience offers more features, more stats, and more fun while also helping to support Sporcle. Thank you for becoming a member.

You're not logged in!

Compare scores with friends on all Sporcle quizzes.
OR
Log In

Show Comments

Extras

Top Quizzes Today


Score Distribution

Your Account Isn't Verified!

In order to create a playlist on Sporcle, you need to verify the email address you used during registration. Go to your Sporcle Settings to finish the process.

Report this User

Report this user for behavior that violates our Community Guidelines.

Details: